00975nam a2200229Ia 4500008004100000040001800041041000800059082000700067110005600074245018300130260005000313300005000363490006300413500003800476504005400514650001800568650002800586650002600614650004500640700003100685700002900716130821s1950 xxua gr eng  aCo-BoUCMbspa00aeng045501 aCowles Commission research staff members and guests10aStatistical inference in dynamic economic modelscpor Cowles Commission research staff members and guests ; editado por Tjalling C. Koopmans, con introducción de Jacob Marschak aNueva York (Estados Unidos)bJohn Wileyc1950 axiv, 438 páginasbilustraciones, gráficas 0aCowles Commission for Research in Economics. Monographv10 aDonación Dr. Álvaro Daza Roa. aIncluye referencias bibliográficas e índices.04aEconometría04aEconomía matemática04aProgramación lineal04aVariables instrumentales (Estadística)1 aKoopmans, Tjalling C.eed.1 aMarschak, Jacobeintrod.